Odyssey : books XIX and XX
Saved in:
| Main Author: | |
|---|---|
| Other Authors: | |
| Format: | Book |
| Language: | English |
| Published: |
Cambridge :
Cambridge University Press,
1992
|
| Series: | Cambridge Greek and Latin classics
|
| Subjects: | |
| Tags: |
Add Tag
No Tags, Be the first to tag this record!
|
MARC
| LEADER | 00000nam a2200000 i 4500 | ||
|---|---|---|---|
| 001 | 1/46850 | ||
| 008 | 040114s1992 eng d | ||
| 020 | |a 0-521-34760-2 | ||
| 035 | |l 10071974 | ||
| 040 | |a GR-MY-UA |b gre |e aacr | ||
| 041 | 0 | |a eng | |
| 082 | 0 | |a 883.01 | |
| 100 | 1 | |a Όμηρος |d 8ος αι. π.Χ. | |
| 245 | 1 | 0 | |a Odyssey : |b books XIX and XX / |c Homer ; R.B. Rutherford |
| 260 | |a Cambridge : |b Cambridge University Press, |c 1992 | ||
| 300 | |a 248 p. | ||
| 490 | 1 | |a Cabmridge greek and latin classics | |
| 600 | 0 | 0 | |a Όμηρος |d 8ος αι. π.Χ. |x Appreciation |z United States. |
| 700 | 1 | |a Rutherford, R.B. |4 edt | |
| 830 | 0 | |a Cambridge Greek and Latin classics | |
| 852 | |a INST |b RHODES |e 20040114 |h 883.01 ΟΜΗ |p 005400019825 |q 005400019825 |t BK |y 0 | ||
| 901 | |a BIBL4-2004-1 | ||
| 909 | |a Ρ |b 107713 | ||
| 922 | |a 4ΕΛΗ |b 200312 |c ΕΠΕΑΕΚ2/ΤΕΠΑΕΣ |d ΜΙΧΑΛΟΠΟΥΛΟΣ | ||
| 950 | |a 096-2003-10-23 | ||
| 970 | |a ΚΟΥΛΑΚΙΟΤΗ |b ΛΙΤΣΑ |z 2004/01/23 | ||